El universo en expansión: el gran debate de la astronomía, 1900-1931

Salvato in:
Dettagli Bibliografici
Autore principale: Smith, Robert W (Autore)
Natura: Libro
Lingua:spagnolo
Pubblicazione: Madrid Alianza 1993
Serie:Alianza Universidad
Soggetti:
Tags: Aggiungi Tag
Nessun Tag, puoi essere il primo ad aggiungerne!!

MARC

LEADER 00000nam a2200000 a 4500
001 UCX6525
003 CL-VaPUC
008 930713e19930000SP |||||||||||||||||spa|d
082 0 4 |a 523.18  |b SMI  |2 21 
100 0 |a Smith, Robert W  |e author  |9 323040 
245 1 3 |a El universo en expansión: el gran debate de la astronomía, 1900-1931 
300 |a 280 p 
942 |c BK 
945 |d 19930713 00:00:00  |a mfernand 
260 |a Madrid  |b Alianza  |c 1993 
650 7 |a UNIVERSO EN EXPANSION  |2 CL-VaPUC  |9 310512 
583 |a last modification  |c 19930713 00:00:00  |k Rodrigo Vera 
490 0 |a Alianza Universidad 
999 |c 226530  |d 226528 
952 |0 0  |1 0  |4 0  |6 523_180000000000000_SMI_1993  |7 0  |8 A  |9 224977  |a BIBCUR  |b BIBCUR  |d 2019-11-15  |i 3025330  |o 523.18 SMI 1993  |p 3025330  |r 2025-04-22  |w 2019-11-15  |y BK  |k FIS 
952 |0 0  |1 0  |4 0  |6 523_180000000000000_SMI_1993  |7 0  |8 A  |9 224978  |a BIBCUR  |b BIBCUR  |d 2019-11-15  |i 3180387  |o 523.18 SMI 1993  |p 3180387  |r 2025-04-22  |w 2019-11-15  |y BK  |k BCB